000 01017nam a2200289 a 4500
001 562360
003 OSt
005 20230703164050.0
008 890410s1988 ke 000 0 eng
010 _a 88981128
020 _a9966464565 :
_cSh80.00
040 _aDLC
_cDLC
_dDLC
043 _af------
082 0 0 _a338.96
_bODH
245 0 0 _aHope born out of despair :
_bmanaging the African crisis /
_cedited by Thomas R. Odhiambo, with Peter Anyang' Nyong'o ... [et al.].
260 _aNairobi :
_bHeinemann Kenya,
_c1988.
300 _axv, 123 p. ;
_c21 cm.
500 _aBased on the report of the Special Committee on Africa.
650 0 _aPan-Africanism.
651 0 _aAfrica
_xEconomic policy.
651 0 _aAfrica
_xSocial policy.
700 1 _aOdhiambo, Thomas R.
710 2 _aUnited Nations University.
_bSpecial Committee on Africa.
906 _a7
_bcbc
_corignew
_d2
_encip
_f19
_gy-gencatlg
942 _2ddc
_cBK
999 _c3522
_d3522